000 00673nam a2200229Ia 4500
003 OSt
005 20220928123950.0
006 a|||||r|||| 00| 0
007 ta
008 220927b |||||||| |||| 00| 0 eng d
024 _a42855
037 _cTextual
040 _aSDCL
_cSDCL
_beng
041 _2eng
_aeng
082 _aXM8:89Q8.73'N9, N7
100 _aSimon William L
_9462729
245 0 _aBeyond the numbers
_b How leading companies measure and drive success
260 _aNew York
_b Van Nostrand Reinhold
_c1997
300 _axv,288p
_ccm.
942 _hXM8:89Q8.73'N9, N7
_cTEXL
_2CC
999 _c775696
_d775696